Balance : (Record no. 34147)

MARC details
000 -LEADER
fixed length control field 00700nam a22002177a 4500
008 - FIXED-LENGTH DATA ELEMENTS--GENERAL INFORMATION
fixed length control field 260128b |||||||| |||| 00| 0 eng d
017 ## - LEGAL DEPOSIT NUMBER
Legal deposit number LD.8003
018 ## - LEGAL DEPOSIT YEAR
LDD Year 2025
020 ## - INTERNATIONAL STANDARD BOOK NUMBER
ISBN 9789787778951
040 ## - CATALOGING SOURCE
Original cataloging agency NLN
Language of cataloging English
Description conventions AACR2
100 ## - MAIN ENTRY--AUTHOR
Author ORSAL-EKWALE, Hembafan V.
Relator term aut
245 ## - TITLE STATEMENT
Title Balance :
Remainder of title (as a winning tool for women) /
Statement of responsibility, etc Hembafan Valencia Orsal-Ekwale
260 ## - PUBLICATION, DISTRIBUTION, ETC. (IMPRINT)
Place of publication FCT, Abuja (Sky Memorial Complex) :
Name of publisher VJ Prints and Publishers,
Date of publication [2025?]
300 ## - COLLATION
Pagination iv, 29p. ;
Other physical details 20cm
563 ## - BINDING INFORMATION
Binding note (pbk.)
650 ## - TRACINGS
Main Subject Self-actualization(psychology)
Subdivision (1st) Religious aspects
Subdivision (2nd) Christianity
942 ## - ADDED ENTRY ELEMENTS (KOHA)
Item type Books
Suppress in OPAC No
050 ## - LIBRARY OF CONGRESS CALL NUMBER
Classification number BV4598.2
Item number .O76
082 ## - DEWEY DECIMAL CLASSIFICATION NUMBER
Classification number 248.4
Holdings
Source of classification or shelving scheme Not for loan Home library Current library Date acquired Mode of acquisition Accession No. Full call number Barcode. Copy number Koha item type
Library of Congress Classification   ABUJA LIBRARY BRANCH National Library of Nigeria 28/01/2026 Legal deposit 466009 BV4598.2 .O76 466009 1 Books
Library of Congress Classification   GUSAU BRANCH National Library of Nigeria 28/01/2026 Legal deposit 466010 BV4598.2 .O76 466010 1 Books
Library of Congress Classification   MINNA BRANCH National Library of Nigeria 28/01/2026 Legal deposit 466011 BV4598.2 .O76 466011 1 Books

National Library of Nigeria OPAC is powered by Koha